000 00507nam a22002057a 4500
003 OSt
005 20231213122048.0
008 151127b xxu||||| |||| 00| 0 eng d
020 _a0582297222
040 _cDDC.
082 _a370.1 SUT 1988
100 _aSutherland, Margret
_96366
245 _aTheory of Education.
260 _aLondon;
_bLongman,
_c1988.
300 _a182p;
_bill;
_c20cm.
504 _aincludes index.
650 _aTeaching.
_9776
650 _aEducation
_91404
942 _2ddc
_cSLOAN
999 _c2728
_d2728